000 00995cad a22002295a 4500
001 E148282
008 090827s2009 xxkado f 000 0 eng d
035 _a(Sirsi) u148282
041 0 _aeng
050 0 4 _a333.33 $2 18
110 2 _aDrivers Jonas
_91941
245 0 0 _aRegeneration trends
_bScotland 2009
_h[electronic resource]
260 _aGlasgow
_bDrivers Jonas
_c2009
490 0 _aDrivers Jonas Regeneration Trends
_v2009
520 _aLooks at regeneration projects in Scotland, and analyses them by use, type of venture, number and volume. Discusses sources of funding available for regeneration projects, and looks in detail at projects such as Edinburgh Harbour and Dundee Waterfront. Tables.
521 _aAdvanced
590 _aKA
651 4 _aScotland
_y1999-
690 _aPROPERTY-COMMERCIAL PROPERTY-COMMERCIAL PROPERTY MARKET
856 4 0 _uhttps://www.driversjonas.com
_zView the research free of charge (requires registration) at www.driversjonas.com...
942 _n0
999 _c109987
_d109987